1970 1411 1387 1868 1463 1239 1395 1997 1466 1396 1680 1487 1761 1248 1954 1340 1245 1282 1107 1535 1488 1023 1243 1858 1967 1560 1444 1797 1039 1958 1715 1915 1049 1592 1347 1727 1901 1719 1771 1853 1832 1383 1459 1480 1224 1491 1736 1899 1603 1941 1616 1785 1418 1660 1081 1925 1925 1189 1487 1883 1106 1651 1779 1627 1038 1332 1235 1172 1621 1842 1345 1616 1074 1654 1475 1273 1911 1424 1472 1071 1619 1166 1520 1508 1170 1844 1116 1785 1265 1752 1977 1321 1949 1576 1796 1932 1049 1269 1435 BCNSPRNW ULIB Ver.6.0+V

เปลี่ยนเป็นภาษาไทย

Change to English
 แสดงรายละเอียดบรรณานุกรม
  กลับหน้าหลัก

Brief Record : Get Marc (ISO 2709) : E-mail record : QR code < ปิดหน้าต่าง
LEADER : 00000nam 2200000uu 4500
001    13399109490
003     ULIB
008    110403s2551||||th 000 0 tha d
020    9789741109845
060 04 WB115^bส253N 2551
245 00 New knowledge in internal medicine :^bfor better care inthe next decade /^cบรรณาธิการ, สมนึก สังฆานุภาพ, วสันต์ สุเมธกุล
246 13 Ramathibodi Clinical Medicine Update 2008 New knowledge ininternal medicine :^bfor better care in the next decade
260    กรุงเทพฯ :^bภาควิชาอายุรศาสตร์คณะแพทยศาสตร์โรงพยาบาลรามาธิบดี มหาวิทยาลัยมหิดล,^c[2551]
300    346 หน้า :^bภาพประกอบ ;^c30 ซม.
500    ชื่อเรื่องจากหน้าปกใน: Ramathibodi Clinical MedicineUpdate 2008 New knowledge in internal medicine : for better care in the next decade
650  7 อายุรศาสตร์
700 0  สมนึก สังฆานุภาพ,^eบรรณาธิการ
700 0  วสันต์ สุเมธกุล,^eบรรณาธิการ
710 2  มหาวิทยาลัยมหิดล. ^bคณะแพทยศาสตร์ศิริราชพยาบาล.^bภาควิชาอายุรศาสตร์
945    ^p500^l0^i023687
945    ^p500^l0^i023688
995    ทศพร
999 ^a ใช้งานได้ทุกระบบ
รายการนี้ยังไม่มีแท็ก
คุณยังไม่ได้ล็อกอิน คุณสามารถมีกิจกรรมร่วมกับเว็บไซต์ได้ แต่ต้องล็อกอินก่อน ::
  ล็อกอิน

รายการสื่อสารสนเทศ

ลำดับที่ ประเภท เลขเรียก/บาร์โค้ด สถานที่ สถานะ
- ไม่พบข้อมูล -

รายการใกล้เคียง
    หัวเรื่อง [อายุรศาสตร์]

BibComment


ยังไม่เคยถูกคอมเมนท์

คอมเมนท์ทรัพยากรรายการนี้
  คอมเมนท์: New knowledge in ..


 Copyright 2026. Bcnsprnw @Library